| 000 | 00871nam a22002292 4500 | ||
|---|---|---|---|
| 001 | 0000003798 | ||
| 005 | 20151217151934.0 | ||
| 008 | 070515s xx 000 0 eng d | ||
| 020 | _a033352540X : | ||
| 040 |
_aKABU _cKABU |
||
| 050 | 0 |
_aQ124.6 _b.M36 |
|
| 245 | 1 | 4 |
_aThe Management of science : _bproceedings of section F (Economics) of the British Association for the Advancement of Science, Sheffield, 1989 / _cedited by Douglas Hague. |
| 260 |
_aHoundmills : _bMacmillan, _c1991. |
||
| 300 |
_axii, 180 p. ; _c23 cm. |
||
| 500 | _aIncludes bibliographical references (p. 166-169) and index. | ||
| 650 | 0 |
_aScience _xEconomic aspects _xCongresses. _@0000153962 |
|
| 650 | 0 |
_aResearch _xEconomic aspects _xCongresses. _@0000153963 |
|
| 700 | 1 |
_aHague, Douglas. _@0000153964 |
|
| 908 | _a070515 | ||
| 950 | _@1 | ||
| 999 |
_c6526 _d6526 |
||